<?xml version='1.0' encoding='UTF-8'?>
  <record xmlns="http://www.loc.gov/MARC21/slim">
    <leader>00000cam a2200000 i 4500</leader>
    <controlfield tag="001">ocn781811064</controlfield>
    <controlfield tag="003">OCoLC</controlfield>
    <controlfield tag="005">20250512000858.8</controlfield>
    <controlfield tag="008">860711s1874    ne            000 0 ger d</controlfield>
    <datafield tag="040" ind1=" " ind2=" ">
      <subfield code="a">NLGGC</subfield>
      <subfield code="b">dut</subfield>
      <subfield code="e">fobidrtb</subfield>
      <subfield code="c">NLGGC</subfield>
      <subfield code="d">OCLCO</subfield>
      <subfield code="d">OCLCA</subfield>
      <subfield code="d">OCLCL</subfield>
      <subfield code="d">OCLCQ</subfield>
    </datafield>
    <datafield tag="029" ind1="0" ind2=" ">
      <subfield code="a">NLGGC</subfield>
      <subfield code="b">863248330</subfield>
    </datafield>
    <datafield tag="029" ind1="1" ind2=" ">
      <subfield code="a">NLGGC</subfield>
      <subfield code="b">864150555</subfield>
    </datafield>
    <datafield tag="035" ind1=" " ind2=" ">
      <subfield code="a">(OCoLC)781811064</subfield>
    </datafield>
    <datafield tag="050" ind1=" " ind2="4">
      <subfield code="a">BR350.A56</subfield>
      <subfield code="b">A4</subfield>
    </datafield>
    <datafield tag="100" ind1="1" ind2=" ">
      <subfield code="a">Albada, Aggaeus van,</subfield>
      <subfield code="d">ca. 1525-1587.</subfield>
      <subfield code="1">https://id.oclc.org/worldcat/entity/E39PCjJ9kDprf4r77vrtbQpTf3</subfield>
    </datafield>
    <datafield tag="245" ind1="1" ind2="0">
      <subfield code="a">Briefe des Aggaeus de Albada an Rembertus Ackema und Andere, aus den Jahren 1579-1584 /</subfield>
      <subfield code="c">hrsg. von Ernst Friedlaender.</subfield>
    </datafield>
    <datafield tag="246" ind1="3" ind2=" ">
      <subfield code="a">Briefe</subfield>
    </datafield>
    <datafield tag="260" ind1=" " ind2=" ">
      <subfield code="a">Leeuwarden :</subfield>
      <subfield code="b">H. Kuipers,</subfield>
      <subfield code="c">1874.</subfield>
    </datafield>
    <datafield tag="300" ind1=" " ind2=" ">
      <subfield code="a">XVIII, 149 p. ;</subfield>
      <subfield code="c">23 cm.</subfield>
    </datafield>
    <datafield tag="336" ind1=" " ind2=" ">
      <subfield code="a">tekst</subfield>
      <subfield code="b">txt</subfield>
      <subfield code="2">rdacontent/dut</subfield>
    </datafield>
    <datafield tag="337" ind1=" " ind2=" ">
      <subfield code="a">zonder medium</subfield>
      <subfield code="b">n</subfield>
      <subfield code="2">rdamedia/dut</subfield>
    </datafield>
    <datafield tag="338" ind1=" " ind2=" ">
      <subfield code="a">band</subfield>
      <subfield code="b">nc</subfield>
      <subfield code="2">rdacarrier/dut</subfield>
    </datafield>
    <datafield tag="651" ind1=" " ind2="4">
      <subfield code="a">Friesland (Netherlands)</subfield>
      <subfield code="v">Sources</subfield>
      <subfield code="x">History.</subfield>
    </datafield>
    <datafield tag="600" ind1="1" ind2="7">
      <subfield code="a">Albada, Aggaeus van,</subfield>
      <subfield code="d">ca. 1525-1587.</subfield>
      <subfield code="2">local</subfield>
      <subfield code="0">(NL-LeOCL)069335559</subfield>
    </datafield>
    <datafield tag="600" ind1="1" ind2="7">
      <subfield code="a">Ackema, Rembertus.</subfield>
      <subfield code="2">local</subfield>
      <subfield code="0">(NL-LeOCL)074077023</subfield>
    </datafield>
    <datafield tag="700" ind1="1" ind2=" ">
      <subfield code="a">Friedländer, Ernst,</subfield>
      <subfield code="d">1841-1903.</subfield>
      <subfield code="1">https://id.oclc.org/worldcat/entity/E39PBJv4rqP4gpbHq8HWKWyWXd</subfield>
    </datafield>
    <datafield tag="758" ind1=" " ind2=" ">
      <subfield code="a">Briefe des Aggaeus de Albada an Rembertus Ackema und andere, aus den Jahren 1579 - 1584 (Text)</subfield>
      <subfield code="1">https://id.oclc.org/worldcat/entity/E39PCFxGhMpQvPvrh7yDwrYbQy</subfield>
      <subfield code="4">https://id.oclc.org/worldcat/ontology/hasWork</subfield>
    </datafield>
    <datafield tag="776" ind1="0" ind2=" ">
      <subfield code="t">Briefe des Aggaeus de Albada an Rembertus Ackema und Andere, aus den Jahren 1579-1584</subfield>
      <subfield code="w">(NL-LeOCL)416218717</subfield>
    </datafield>
    <datafield tag="776" ind1="0" ind2=" ">
      <subfield code="t">Briefe des Aggaeus de Albada an Rembertus Ackema und Andere, aus den Jahren 1579-1584</subfield>
      <subfield code="w">(NL-LeOCL)43203336X</subfield>
    </datafield>
    <datafield tag="936" ind1=" " ind2=" ">
      <subfield code="a">BATCHLOAD</subfield>
    </datafield>
  </record>